| 000 | 01516nam0a22003371 4500 | ||
|---|---|---|---|
| 001 | v19\rc\1688599 | ||
| 005 | 20250619053414.0 | ||
| 035 | _a(NLR Aleph) 004841759 | ||
| 090 |
_a4829572 _c4829572 |
||
| 100 | _a20061002e18961896|||y0rusy50 ca | ||
| 101 | 0 | _arus | |
| 102 | _aRU | ||
| 105 | _ay z |||h| | ||
| 200 | 1 |
_aОбъединяющий принцип воспитания _e(Две речи о принципе воспитания, сказанные в Сорбонне) [профессорами Дежарденом и Рамбо] |
|
| 210 |
_a[Москва] _cтипо-лит. В. Рихтер _d[1896] |
||
| 215 |
_a20 с. _d21 |
||
| 300 | _aВ конце текста авт.: Л.Д.С.; раскрыт по аналогии с др. его статьями | ||
| 309 | _aБез тит. л. и обл. | ||
| 311 | _aИз журн. "Вестн. воспитания". 1896, № 8 | ||
| 488 | 0 |
_12001#$aВестник воспитания$v1896, № 8 _tВестник воспитания |
|
| 700 | 1 |
_9z01790 _aСиницкий _bЛ.Д. _f1864-1933 _gЛеонтий Данилович |
|
| 702 | 1 |
_4570 _7ca _8rus _aДежарден _bП. А. _f1838- _gПоль Андре _9243965 _3RU\NLR\AUTH\770244021 |
|
| 702 | 1 |
_aРамбо _bА.Н. _f1842-1905 _gАльфред Николя _4570 |
|
| 790 | 0 |
_9z01700 _aЛ.Д.С. _f1864-1933 |
|
| 801 | 0 |
_aRU _bNLR _gpsbo |
|
| 801 | 0 |
_aRU _bRuMoRGB _2psbo |
|
| 801 | 1 |
_aRU _bProSoft-M _2rusmarc |
|
| 852 |
_aNLR _j130/8789 |
||
| 942 | _cBOOK | ||
| 980 | _aNB | ||